El único camino para construir la democracia en El Salvador

Guardado en:
Bibliografiske detaljer
Institution som forfatter: Frente Farabundo Martí para la Liberación Nacional
Format: Texto
Udgivet: San José
Tags: Tilføj Tag
Ingen Tags, Vær først til at tagge denne postø!

MARC

LEADER 00000 a a2200000 04500
001 23320
003
040
090 |a 161600  
110 |a Frente Farabundo Martí para la Liberación Nacional  
245 |a El único camino para construir la democracia en El Salvador  
260 |a San José  
300 |a s. p.  
999 |c 10760  |d 10760